00278nam a2200109Ia 4500008004100000100001300041245004100054260004200095300000900137942000700146999001500153190216s9999||||xx |||||||||||||| ||und|| aJain D P 0aBusiness Organisation And Management bPearson Education Internationalc1999 a824p cBK c5912d5912